[Event "Rio Grande op 22nd"]
[Site "Rio Grande"]
[Date "2022.10.19"]
[Round "1"]
[White "Schualle, Sergio Damian"]
[Black "Samira, Zuniga"]
[Result "1-0"]
[WhiteElo "1931"]
[BlackElo "1391"]
[PlyCount "43"]
[EventDate "2022.10.19"]
[EventType "swiss"]
[EventRounds "7"]
[EventCountry "ARG"]
[SourceTitle "EXT 2024"]
[Source "ChessBase"]
[SourceDate "2023.10.10"]
[SourceVersion "1"]
[SourceVersionDate "2023.10.10"]
[SourceQuality "1"]

1. e4 e5 2. Nf3 d6 3. d4 Nc6 4. Bb5 Bg4 5. Nc3 exd4 6. Qxd4 Bxf3 7. gxf3 Qf6 8. Qe3 Be7 9. Nd5 Qh6 10. Qxh6 Nxh6 11. Bxh6 gxh6 12. Bxc6+ bxc6 13. Nxc7+ Kd7 14. Nxa8 Rxa8 15. f4 d5 16. 0-0-0 Ke6 17. exd5+ cxd5 18. Rhe1+ Kd6 19. c4 Rc8 20. Rxd5+ Kc6 21. Rxe7 Kb6 22. b3 1-0